| 000 | 00562nam a2200181 a 4500 | ||
|---|---|---|---|
| 005 | 20240210063553.0 | ||
| 008 | 991125s1981 mx 000 0 spa u | ||
| 035 | _aUPN01000000207 | ||
| 049 | _aF | ||
| 050 | 4 |
_aKGC73 _bC3.2 |
|
| 100 | 1 |
_aCarpizo McGregor, Jorge, _d1944-2012 |
|
| 245 | 1 | 3 |
_aEl abogado mexicano / _cpor Jorge Carpizo. |
| 260 |
_aMéxico : _bUNAM, Centro de Estudios sobre la Universidad, Coordinación de Humanidades, _c1981. |
||
| 300 | _a9 p. | ||
| 440 | 0 |
_aPensamiento universitario ; _v45 |
|
| 650 | 7 |
_aAbogados _zMéxico _2 _956 |
|
| 905 | _aLibro | ||
| 999 |
_c207 _d207 |
||